000 00785nam a22002297a 4500
999 _c14771
_d14771
003 AR-CdUCM
008 190415b ||||| |||| 00| 0 spa d
020 _a978-9972-59-559-2
040 _aMUNICIPALIDAD PROVINCIAL DEL CUSCO
_cBIBLIOTECA MUNICIPAL DEL CUSCO
082 _aEP / 803 /
_bUR77
100 _aUribe, Alejandro.
_931796
245 _aEl olonés :
_bLa maldición de San Pedro /
260 _aLima :
_bCorporación gráfica Navarrete S.A.,
_c2014.
300 _a47 páginas ;
_c21 cm.
440 _aPiratas y navegantes.
_n12
_933663
505 _aContenido :El olonés, la maldición de San Pedro .
650 _aHistorietas infantiles
_931778
650 _aCuentos
_9217
700 _aAyala, Gabriel y Mateo.
_931779
942 _2ddc
_cLIBROS
945 _arum
_d2019-04-24